Statistics for Capital Cities Beginning and Ending with the Same Letter

Click here to take the quiz!

General Stats

  • This quiz has been taken 1,014 times
  • The average score is 8 of 13

Answer Stats

HintAnswer% Correct
EuropeOsloO
90%
EuropeWarsawW
86%
AsiaAnkaraA
72%
AfricaAccraA
65%
AfricaAddis AbabaA
65%
AfricaAbujaA
64%
AsiaTashkentT
62%
OceaniaApiaA
61%
EuropeAndorra La VellaA
60%
AfricaAsmaraA
55%
AsiaAstanaA
55%
North AmericaSt John'sS
47%
North AmericaSt George'sS
45%

Score Distribution

Percentile by Number Answered

Percent of People with Each Score

Your Score History

You have not taken this quiz